• 首页
  • 本馆介绍
  • 公告通知
  • 最新文献
  • 馆藏检索
  • 电子资源
  • 读者导购
  • 参考咨询
  • 我的图书馆
  • 登录
  • 详细信息显示
  • 放入我的书架
  • 预约/预借图书
  • 作者相关作品
  • 分类相关作品
  • 丛书相关作品
  • 出版社相关作品

书目信息

  • 表格格式
  • 工作单格式
  • 卡片格式
题名:
物理化学中的数学
    
 
作者: 莫蒂默 , Mortimer 著 ;廖沐真 , 周伟良 译
分册:  
出版信息: 北京   科学出版社  1987
页数: 447页
开本: 20cm
丛书名:
单 册:
中图分类: O6-051
科图分类:
主题词: 化学--理论 , 化学--方法
电子资源:
ISBN:
000 00817nam0 2200289 45
001 0187009284
005 20040701160116.9
010    @dCNY4.00
091    @a13031.3420
100    @a19900808d1987 kemy0chiy0121 ea
101 1  @achi@ceng
102    @aCN@b110000
105    @ay z 001yy
106    @ar
200 10 @a物理化学中的数学@Awu li hua xue zhong de shu xue@f(美)莫蒂默(Mortimer,R.G.)著@g廖沐真, 周伟良译
210    @a北京@c科学出版社@d1987
215    @a447页@d20cm
606 0  @a化学@x理论
606 0  @a化学@x方法
690    @aO6-051@v3
701  1 @a莫蒂默@Amo di mo@bR.G.@4著
701 A1 @aMortimer@bR.G.@4著
702  0 @a廖沐真@Aliao mu zhen@4译
702  0 @a周伟良@Azhou wei liang@4译
801  0 @aCN@b深圳图书馆@c20040520
801  2 @aCN@bNLC@c20040520
905    @dO6-051@e201@f1@b204297
    
    物理化学中的数学/(美)莫蒂默(Mortimer,R.G.)著/廖沐真, 周伟良译.-北京:科学出版社,1987
    447页;20cm
    
    
    ISBN :CNY4.00
    
●
相关链接 在E读中查询图书 在五车中查询图书 在当当中查询图书 在豆瓣中查询图书


正题名:物理化学中的数学     索取号:O6-051/201         预约/预借

序号 登录号 条形码 馆藏地/架位号 状态 备注
1 0204296   000340857   第三借阅区/ [索取号:O6-051/201] 在馆    
2 0204297   001938443   第三借阅区/ [索取号:O6-051/201] 在馆    
3 0204298   000340866   第二样本阅览室/ [索取号:O6-051/201] 在馆    
唐山师范学院图书馆 欢迎您!
大连网信软件有限公司© 版权所有